<?xml version="1.0" encoding="UTF-8"?>
<record
    xmlns:xsi="http://www.w3.org/2001/XMLSchema-instance"
    xsi:schemaLocation="http://www.loc.gov/MARC21/slim http://www.loc.gov/standards/marcxml/schema/MARC21slim.xsd"
    xmlns="http://www.loc.gov/MARC21/slim">

  <leader>00973nam a22002417a 4500</leader>
  <controlfield tag="003">OSt</controlfield>
  <controlfield tag="005">20171220140355.0</controlfield>
  <controlfield tag="008">171220e201610  spca|||  |||| 1|0 0 spa|d</controlfield>
  <datafield tag="017" ind1=" " ind2=" ">
    <subfield code="a">DL B 17391-2017 (corregit)</subfield>
    <subfield code="b">Biblioteca de Catalunya</subfield>
  </datafield>
  <datafield tag="020" ind1=" " ind2=" ">
    <subfield code="a">9788496986695</subfield>
  </datafield>
  <datafield tag="040" ind1=" " ind2=" ">
    <subfield code="a">ES-BaBC</subfield>
    <subfield code="b">cat</subfield>
    <subfield code="c">CDMR</subfield>
  </datafield>
  <datafield tag="245" ind1="0" ind2="4">
    <subfield code="a">Els Paisatges de Paco Candel </subfield>
    <subfield code="b">: jornada d'estudi entorn de l'autor d'Els altres catalans /</subfield>
  </datafield>
  <datafield tag="260" ind1=" " ind2=" ">
    <subfield code="a">Barcelona :</subfield>
    <subfield code="b">Fundaci&#xF3; Paco Candel,</subfield>
    <subfield code="c">2016</subfield>
  </datafield>
  <datafield tag="300" ind1=" " ind2=" ">
    <subfield code="a">156 p&#xE0;gines, 7 p&#xE0;gines de l&#xE0;mines no numerades :</subfield>
    <subfield code="b">il&#xB7;lustracions (algunes en color) ;</subfield>
    <subfield code="c">23 cm</subfield>
  </datafield>
  <datafield tag="500" ind1=" " ind2=" ">
    <subfield code="a">Precedeix el t&#xED;tol: 50 anys, Els altres catalans, Francesc Candel</subfield>
  </datafield>
  <datafield tag="500" ind1=" " ind2=" ">
    <subfield code="a">A portada: Centre d'Estudis de l'Hospitalet</subfield>
  </datafield>
  <datafield tag="504" ind1=" " ind2=" ">
    <subfield code="a">Bibliografia</subfield>
  </datafield>
  <datafield tag="546" ind1=" " ind2=" ">
    <subfield code="a">Textos en catal&#xE0; i castell&#xE0;</subfield>
  </datafield>
  <datafield tag="600" ind1="1" ind2="7">
    <subfield code="a">Candel, Francisco</subfield>
    <subfield code="d">1925-2007</subfield>
    <subfield code="x">Cr&#xED;tica i interpretaci&#xF3;</subfield>
    <subfield code="2">lemac</subfield>
    <subfield code="9">2983</subfield>
  </datafield>
  <datafield tag="710" ind1="2" ind2=" ">
    <subfield code="a">Centre d'Estudis de l'Hospitalet</subfield>
  </datafield>
  <datafield tag="710" ind1="2" ind2=" ">
    <subfield code="a">Fundaci&#xF3; Paco Candel</subfield>
  </datafield>
  <datafield tag="942" ind1=" " ind2=" ">
    <subfield code="c">MON</subfield>
  </datafield>
  <datafield tag="999" ind1=" " ind2=" ">
    <subfield code="c">7093</subfield>
    <subfield code="d">7093</subfield>
  </datafield>
  <datafield tag="952" ind1=" " ind2=" ">
    <subfield code="0">0</subfield>
    <subfield code="1">0</subfield>
    <subfield code="4">0</subfield>
    <subfield code="7">0</subfield>
    <subfield code="a">CDMR</subfield>
    <subfield code="b">CDMR</subfield>
    <subfield code="d">2017-12-20</subfield>
    <subfield code="e">Donaci&#xF3;</subfield>
    <subfield code="l">2</subfield>
    <subfield code="m">2</subfield>
    <subfield code="o">DU 1/130</subfield>
    <subfield code="p">CDMR17120002</subfield>
    <subfield code="r">2018-02-26</subfield>
    <subfield code="s">2018-02-01</subfield>
    <subfield code="w">2017-12-20</subfield>
    <subfield code="y">MON</subfield>
  </datafield>
</record>
